000 00772nam a2200253Ia 4500
003 OSt
005 20220926020319.0
006 a|||||r|||| 00| 0
007 ta
008 220923b |||||||| |||| 00| 0 eng d
020 _a9780415814751
_c2223.77
037 _bVMB/13-14/99, 03/09/2013, VARDHMAN
_cGeneral Book
040 _aRTL
_cRTL
_beng
041 _2eng
_aeng
082 _aU43:(G:55), Q3
100 _aBULKELEY Harriet
_9289484
245 0 _aCities and low carbon transitions
260 _aNew York
_bRoutledge
_c2013
300 _axvi, 205p
_ccm.
500 _aBibliography:P 311-332
650 _aGeography
942 _hU43:(G:55), Q3
_cGB
_2CC
999 _c633971
_d633971